000
00297nam a22001337a 4500
020
_a
81-7622-057-4
041
_a
ENG
100
_a
Russell.E.W
245
_a
Soil Conditions And Plant Growth
260
_a
Delhi
_b
Biotech Books
_c
2001
300
_a
635
650
_a
SWCE
856
_u
SWCE ( 24 )
999
_c
1847
_d
1847